| 000 | 00660nam a2200205 i 4500 | ||
|---|---|---|---|
| 001 | 184607 | ||
| 003 | ES-MaACL | ||
| 005 | 20250916063101.0 | ||
| 008 | 151027s1935 sp f |||| |bspa d | ||
| 100 | 1 |
_aRiber, Llorenç, _d1881-1958 _996765 |
|
| 245 | 1 | 0 |
_aRaimundo Lulio _b= (Ramón Llull) / _cpor Lorenzo Riber. |
| 246 | 3 | 1 | _aRamón Llull |
| 260 |
_aBarcelona : _bLabor, _c1935. |
||
| 300 |
_a221 p., XI h. de lám. ; _c19 cm. |
||
| 490 | 1 |
_aPro Ecclesia et Patria ; _v1 |
|
| 600 | 0 | 4 |
_aRamón Llull, _cBeato, _dca. 1232-1316? _995219 |
| 830 | 0 |
_aPro Ecclesia et Patria ; _v1 _9192192 |
|
| 852 |
_aES-MaACL _jC-29134 |
||
| 999 |
_c184607 _d184607 |
||